KOHA-Header-6

Word Perfect 7 for Windows 95 Bible (Record no. 6695)

000 -LEADER
fixed length control field 00272nam a2200109Ia 4500
100 ## - MAIN ENTRY--AUTHOR NAME
Personal name Harris,Stephen E.
245 #0 - TITLE STATEMENT
Title Word Perfect 7 for Windows 95 Bible
260 ## - PUBLICATION, DISTRIBUTION, ETC. (IMPRINT)
Place of publication New Delhi
Name of publisher Pearson
Year of publication 1996
300 ## - PHYSICAL DESCRIPTION
Number of Pages 918
942 ## - ADDED ENTRY ELEMENTS (KOHA)
Koha item type Books
Holdings
Withdrawn status Lost status Collection code Permanent Location Current Location Shelving location Date acquired Full call number Accession Number Koha item type
    Computer Science MAJU MAJU Shelf No.A16 2019-09-11 005.2 98 Computer Science

Powered by Koha